书目信息 |
| 题名: |
VCD 激光影碟机原理 使用与维修
|
|
| 作者: | 刘信圣 主编 | |
| 分册: | ||
| 出版信息: | 北京 科学技术文献出版社 1999.09 |
|
| 页数: | 257页 | |
| 开本: | 32开 | |
| 丛书名: | ||
| 单 册: | ||
| 中图分类: | TN946 | |
| 科图分类: | ||
| 主题词: | 录象系统 | |
| 电子资源: | ||
| ISBN: | 7-5023-3048-8 | |
| 000 | 00594nam0 2200193 45 | |
| 001 | 0009291919 | |
| 005 | 20001210151333.0 | |
| 010 | @a7-5023-3048-8@d14.00元 | |
| 100 | @a20000929d1999 km y0chiy0120 ea | |
| 101 | 0 | @achi |
| 105 | @a z 000yy | |
| 200 | 1 | @aVCD 激光影碟机原理 使用与维修@AVCD Ji Guang Ying Die Ji Yuan Li Shi Yong Yu Wei Xiu@f刘信圣主编@FLiu Xin Sheng Zhu Bian |
| 210 | @a北京@c科学技术文献出版社@d1999.09 | |
| 215 | @a257页@d32开 | |
| 606 | 0 | @a录象系统 |
| 690 | @aTN946@v3 | |
| 701 | 0 | @a刘信圣@4主编 |
| 801 | @aCN@bPftUser@c20000929 | |
| 905 | @dTN946@eL798@b303112-114@f3 | |
| VCD 激光影碟机原理 使用与维修/刘信圣主编.-北京:科学技术文献出版社,1999.09 |
| 257页;32开 |
| ISBN 7-5023-3048-8:14.00元 |
| ● |
| 相关链接 |
|
|
|
正题名:VCD激光影碟机原理使用与维修
索取号:TN946/L798
 
预约/预借
| 序号 | 登录号 | 条形码 | 馆藏地/架位号 | 状态 | 备注 |
| 1 | 303112 | 203031129 | 自科二线504/504自科库 8排2列3层/ [索取号:TN946/L798] | 在馆 | |
| 2 | 303113 | 203031138 | 自科二线504/504自科库 8排2列3层/ [索取号:TN946/L798] | 在馆 | |
| 3 | 303114 | 203031147 | 自科库301/301自科库 34排3列5层/ [索取号:TN946/L798] | 在馆 |